[Event "Reunion op 15th"]
[Site "St Denis"]
[Date "2013.10.17"]
[Round "7"]
[White "Hoareau, Thierry"]
[Black "Romain, Arnaud"]
[Result "1-0"]
[WhiteElo "1417"]
[BlackElo "1634"]
[PlyCount "73"]
[EventDate "2013.10.12"]
[EventType "swiss"]
[EventRounds "9"]
[EventCountry "RUF"]
[SourceTitle "EXT 2014"]
[Source "ChessBase"]
[SourceDate "2013.11.20"]
[SourceVersion "1"]
[SourceVersionDate "2013.11.20"]
[SourceQuality "1"]

1. e4 e5 2. Nf3 Nc6 3. Bc4 Nf6 4. d3 Be7 5. Nc3 0-0 6. a3 d6 7. h3 Bd7 8. 0-0 a6 9. Bd2 Qc8 10. Nh2 Nd4 11. Nd5 Nxd5 12. Bxd5 c6 13. Ba2 Ne6 14. Bxe6 Bxe6 15. Be3 c5 16. b3 b5 17. f4 exf4 18. Bxf4 Qd7 19. Rf3 Bf6 20. Rc1 Bb2 21. Rb1 Bxa3 22. Rg3 g6 23. Nf3 Bb4 24. e5 d5 25. Bg5 Ba5 26. Bf6 Bd8 27. Qd2 Bxf6 28. exf6 Qd8 29. Qg5 Kh8 30. Rf1 Rg8 31. Ne5 Qf8 32. Rf4 h6 33. Rh4 Kh7 34. Ng4 Bxg4 35. Rgxg4 Rd8 36. Rxh6+ Qxh6 37. Rh4 1-0

[Event "Reunion op 12th"]
[Site "St Denis"]
[Date "2010.10.14"]
[Round "7"]
[White "Chan Faye, Yoann"]
[Black "Hoareau, Thierry"]
[Result "1-0"]
[WhiteElo "1220"]
[BlackElo "1410"]
[PlyCount "42"]
[EventDate "2010.10.09"]
[EventType "swiss"]
[EventRounds "9"]
[EventCountry "RUF"]
[SourceTitle "CBM 138 Extra"]
[Source "ChessBase"]
[SourceDate "2010.10.29"]
[SourceVersion "1"]
[SourceVersionDate "2010.10.29"]
[SourceQuality "1"]

1. e4 e5 2. Nf3 Nc6 3. d4 exd4 4. Nxd4 Bc5 5. Nxc6 Bxf2+ 6. Kxf2 bxc6 7. Qf3 Bb7 8. Nc3 Nf6 9. Bg5 c5 10. Bxf6 gxf6 11. Bc4 Qe7 12. Rhe1 0-0-0 13. Nd5 Qd6 14. Kg1 Rhg8 15. Rad1 Rg6 16. Nb4 Qb6 17. Na6 Rdg8 18. Re2 R8g7 19. Kh1 Bxa6 20. Bxa6+ Qxa6 21. e5 fxe5 1-0

[Event "Reunion op 12th"]
[Site "St Denis"]
[Date "2010.10.10"]
[Round "2"]
[White "Hoareau, Thierry"]
[Black "Anacoya, Antoine"]
[Result "1-0"]
[WhiteElo "1410"]
[BlackElo "1099"]
[PlyCount "57"]
[EventDate "2010.10.09"]
[EventType "swiss"]
[EventRounds "9"]
[EventCountry "RUF"]
[SourceTitle "CBM 138 Extra"]
[Source "ChessBase"]
[SourceDate "2010.10.29"]
[SourceVersion "1"]
[SourceVersionDate "2010.10.29"]
[SourceQuality "1"]

1. c4 e5 2. e4 Bc5 3. Nf3 Nc6 4. d3 Nf6 5. Bg5 0-0 6. Be2 h6 7. Bh4 d6 8. Nc3 a5 9. Nd5 b6 10. Nxf6+ gxf6 11. 0-0 Bb4 12. d4 exd4 13. Nxd4 Nxd4 14. Qxd4 Bb7 15. Bh5 Re8 16. Bxf6 Re7 17. Qd1 Bxe4 18. Qg4+ Kf8 19. Qg7+ Ke8 20. Bg4 Bf5 21. Bxf5 Re6 22. Bxd8 Rxd8 23. Bxe6 fxe6 24. Qxh6 Rd7 25. Qh8+ Kf7 26. Rad1 d5 27. Rd4 c5 28. Rf4+ Ke7 29. Qf8# 1-0